000
00294nam a2200133 4500
082
_a
813.54
100
_a
Allen Drury
245
_a
Advise and Consent
260
_a
New York
_b
Pocket Books, Inc.
_c
1959
300
_a
760p.
_e
18cm.
650
_a
Fiction
700
_a
Drury, Allen
942
_c
BK
999
_c
12305
_d
12305